Principales enfermedades en la pampa húmeda; girasol, maiz, trigo, soja. /
Guardado en:
| Autor Principal: | |
|---|---|
| Formato: | Libro |
| Publicado: |
Pergamino :
Secretaría de estado de agrigultura y ganadería,
1980
|
| Materias: | |
| Etiquetas: |
Agregar Etiqueta
Sin Etiquetas, Sea el primero en etiquetar este registro!
|
| LEADER | 00575nam a22001695a 4500 | ||
|---|---|---|---|
| 001 | CEM.cems015996 | ||
| 008 | 130507s1980##################000#0#####d | ||
| 005 | 20210907174404.0 | ||
| 003 | CEMS | ||
| 245 | 1 | 0 | |a Principales enfermedades en la pampa húmeda; girasol, maiz, trigo, soja. / |c C A Martínez, J G Annone |
| 260 | |a Pergamino : |b Secretaría de estado de agrigultura y ganadería, |c 1980 | ||
| 100 | 1 | |a Martínez, C A | |
| 082 | 0 | 4 | |a 632 |
| 653 | |a Agricultura | ||
| 653 | |a Argentina | ||
| 653 | |a Cereales-enfermedades | ||
| 859 | |a CEMS |b BIB. CEMS - Agricultura |h 632 |i M366 |p A10917.82 |t Ej.1 | ||
